A Quiz About Space - Statistics

General Stats
  • This quiz has been taken 81 times
  • The average score is 7 of 14
Answer Stats
Question Answer % Correct
What Planet Is Closet To The Sun? Mercury
88%
What is NASA? National Aeronautics and Space Administration
88%
What planet is the varmest planet in the solar system? Venus
88%
Witch country landed on the Moon first? USA
63%
What is a place with no atmosphere called? Vacum
63%
How many astroid belts are there in the solar system? 2
50%
What is the closest star to the solar system? Alpha Centauri
50%
Is there a planet called Libsery? No
50%
Witch country got a man in space first? Soviet Union
50%
Witch year did America touch down on the moon? 1969
38%
Who was the first person the Soviet Union put in space? Yuri Gagarin
38%
What does ISS stand for? International Space Station
25%
What year was the Space Act Agreement signed? 1958
0%
Who signed the Space Act Agreement? Dwight D Eisenhower
0%
No matching quizzes found
Score Distribution
Percent of People with Each Score
Percentile by Number Answered
Your Score History
You have not taken this quiz